| 000 | 00869nam a2200217Ia 4500 | ||
|---|---|---|---|
| 003 | GCL | ||
| 005 | 20240530102256.0 | ||
| 008 | 140319s9999 xx 000 0 ara d | ||
| 040 |
_aGCL / _cGCL |
||
| 082 | 0 | 4 |
_a962.04 _bق/ع ح |
| 100 | 1 | _aعصام ضياء الدين السيد على الصغير | |
| 245 | 1 | 0 |
_aالحزب الوطنى والنضال السرى 1907 - 1915 / _cعصام ضياء الدين السيد على الصغير |
| 260 |
_aالقاهرة : _bالهيئة المصرية العامة للكتاب ، _c1987 |
||
| 300 |
_a311 ص ؛ _c24 سم |
||
| 650 | 0 | 4 |
_aمصر _xتاريخ _yالعصر الحديث |
| 650 | 0 | 4 |
_aمصر _xالاحوال السياسية |
| 650 | 0 | 4 | _aالمقاومة الشعبية |
| 650 | 0 | 4 |
_aمصر _xالاحزاب السياسية |
| 650 | 0 | 4 |
_aالاحتلال البريطانى _xمصر |
| 942 |
_2ddc _cBK |
||
| 999 |
_c31079 _d31079 |
||